000
00323nam a22001337a 4500
008
170529b xxu||||| |||| 00| 0 eng d
020
_a
9780070212916
041
_a
eng
080
_2
2ND
_a
621.38
100
_a
27
101
_a
IM
245
_a
HANDBOOK OF TRANSFORMER DESIGN&APPLICATIONS
_c
FLANAGAN, W.M
942
_2
udc
_c
BK
999
_c
14806
_d
14806